• 首页
  • 本馆介绍
  • 公告通知
  • 最新文献
  • 馆藏检索
  • 电子资源
  • 读者荐购
  • 参考咨询
  • CALIS
  • 我的图书馆
  • 登录
  • 详细信息显示
  • 放入我的书架
  • 预约/预借图书
  • 作者相关作品
  • 分类相关作品
  • 丛书相关作品
  • 出版社相关作品

书目信息

  • 表格格式
  • 工作单格式
  • 卡片格式
题名:
超声专家聊健康热点
    
 
作者: 徐辉雄 , 丁红 , 任芸芸 主编
分册:  
出版信息: 上海   上海科学技术文献出版社  2024.08
页数: 334页
开本: 24cm
丛书名: 医学专家聊健康热点 (复旦大健康科普) 丛书
单 册:
中图分类: R445.1
科图分类:
主题词: 超声波诊断--chao sheng bo zhen duan--基本知识
电子资源:
ISBN: 978-7-5439-9062-3
 
 
 
 
 
000 01179nam 2200289 450
001 92503
005 20250818092135.56
010    @a978-7-5439-9062-3@dCNY88.00
100    @a20241030d2024 em y0chiy50 ea
101 0  @achi
102    @aCN@b310000
105    @aa z 000yy
106    @ar
200 1  @a超声专家聊健康热点@Achao sheng zhuan jia liao jian kang re dian@f徐辉雄, 丁红, 任芸芸主编
210    @a上海@c上海科学技术文献出版社@d2024.08
215    @a334页@c图@d24cm
225 2  @a医学专家聊健康热点 (复旦大健康科普) 丛书@Ayi xue zhuan jia liao jian kang re dian (fu dan da jian kang ke pu) cong shu
300    @a国家出版基金项目
330    @a本书内容涵盖超声基础、腹部超声、浅表器官超声、妇产科超声、肌肉骨骼超声、血管超声、介入超声及儿科超声等一百多个知识点, 阐述了超声成像原理、技术、各种常见疾病的超声表现及临床价值等。
410  0 @12001 @a医学专家聊健康热点 (复旦大健康科普) 丛书
606 0  @a超声波诊断@Achao sheng bo zhen duan@x基本知识
690    @aR445.1@v5
701  0 @a徐辉雄@Axu hui xiong@4主编
701  0 @a丁红@Ading hong@4主编
701  0 @a任芸芸@Aren yun yun@4主编
801  0 @aCN@c20250909
905    @a河南城建学院图书馆@dR445.1@eX720@f1
    
    超声专家聊健康热点/徐辉雄, 丁红, 任芸芸主编.-上海:上海科学技术文献出版社,2024.08
    334页:图;24cm.-(医学专家聊健康热点 (复旦大健康科普) 丛书)
    国家出版基金项目
    
    ISBN 978-7-5439-9062-3:CNY88.00
    本书内容涵盖超声基础、腹部超声、浅表器官超声、妇产科超声、肌肉骨骼超声、血管超声、介入超声及儿科超声等一百多个知识点, 阐述了超声成像原理、技术、各种常见疾病的超声表现及临床价值等。
●
相关链接 在E读中查询图书 在当当中查询图书 在豆瓣中查询图书


正题名:超声专家聊健康热点     索取号:R445.1/X720         预约/预借

序号 登录号 条形码 馆藏地/架位号 状态 备注
1 1626467   216264673   自科库401/401自科库 16排4列4层/ [索取号:R445.1/X720] 在馆    
河南城建学院图书馆 欢迎您!
大连网信软件有限公司© 版权所有